<?xml version="1.0" encoding="UTF-8"?>
<record
    xmlns:xsi="http://www.w3.org/2001/XMLSchema-instance"
    xsi:schemaLocation="http://www.loc.gov/MARC21/slim http://www.loc.gov/standards/marcxml/schema/MARC21slim.xsd"
    xmlns="http://www.loc.gov/MARC21/slim">

  <leader>01520nam a22002897a 4500</leader>
  <controlfield tag="003">OSt</controlfield>
  <controlfield tag="005">20250521160323.0</controlfield>
  <controlfield tag="008">200218t2015    ag a|||cr|||| 000 fdspa d</controlfield>
  <datafield tag="020" ind1=" " ind2=" ">
    <subfield code="a">9789877312218</subfield>
  </datafield>
  <datafield tag="040" ind1=" " ind2=" ">
    <subfield code="a">CO-JMCR</subfield>
    <subfield code="c">CO-JMCR</subfield>
  </datafield>
  <datafield tag="041" ind1="0" ind2=" ">
    <subfield code="a">spa</subfield>
  </datafield>
  <datafield tag="082" ind1="0" ind2="4">
    <subfield code="a">J-N</subfield>
    <subfield code="b">BAYm </subfield>
  </datafield>
  <datafield tag="100" ind1="1" ind2=" ">
    <subfield code="a">Bayona, Victoria, </subfield>
    <subfield code="e">autora</subfield>
    <subfield code="9">689</subfield>
  </datafield>
  <datafield tag="245" ind1="1" ind2="3">
    <subfield code="a">La maestra / </subfield>
    <subfield code="c">Victoria Bayona ; ilustraciones de, Juan Chavetta</subfield>
  </datafield>
  <datafield tag="250" ind1=" " ind2=" ">
    <subfield code="a">Primera edici&#xF3;n</subfield>
  </datafield>
  <datafield tag="260" ind1=" " ind2=" ">
    <subfield code="a">Buenos Aires : </subfield>
    <subfield code="b">Sm, </subfield>
    <subfield code="c">2015</subfield>
  </datafield>
  <datafield tag="300" ind1=" " ind2=" ">
    <subfield code="a">143 p&#xE1;ginas : </subfield>
    <subfield code="b">ilustraciones a blanco y negro ; </subfield>
    <subfield code="c">19 cm.</subfield>
  </datafield>
  <datafield tag="490" ind1=" " ind2=" ">
    <subfield code="a">El Barco de Vapor ; </subfield>
    <subfield code="v">4</subfield>
  </datafield>
  <datafield tag="500" ind1=" " ind2=" ">
    <subfield code="a">Datos biogr&#xE1;ficos de la autora en tapa posterior.</subfield>
  </datafield>
  <datafield tag="505" ind1=" " ind2=" ">
    <subfield code="a">La maestra -- Sabrina -- Merienda -- Primeros indicios -- Mal momento -- Investigaci&#xF3;n -- La ultima "Aurora" -- El plan -- Tarde de madrinas -- Internet -- Mala energ&#xED;a -- Agenda -- Pensamientos -- Escaleras -- AZ3-41 -- Incre&#xED;ble -- Naktum -- Oscuridad -- Almuerzo Entrenamiento -- Amigos -- Reclusi&#xF3;n -- El sal&#xF3;n de los rebeldes -- Reacciono -- Trabajo -- Cuarta falta -- Mensajes -- Cazadores de galaxia -- Quinta falta -- Sexta falta -- Distracci&#xF3;n -- Escape -- Aeroparque -- Mam&#xE1; -- Cabo Kenedy, 25 de marzo de 2031</subfield>
  </datafield>
  <datafield tag="520" ind1=" " ind2=" ">
    <subfield code="a">La nueva maestra es demasiado perfecta. Y encima, a francisco lo mira de un modo raro, como desafi&#xE1;ndolo.</subfield>
  </datafield>
  <datafield tag="521" ind1=" " ind2=" ">
    <subfield code="a">+9 a&#xF1;os </subfield>
    <subfield code="b">Tapa posterior.</subfield>
  </datafield>
  <datafield tag="650" ind1="1" ind2="4">
    <subfield code="a">Literatura </subfield>
    <subfield code="x">infantil </subfield>
    <subfield code="9">690</subfield>
  </datafield>
  <datafield tag="650" ind1="2" ind2="4">
    <subfield code="a">Literatura </subfield>
    <subfield code="x">juvenil</subfield>
    <subfield code="9">691</subfield>
  </datafield>
  <datafield tag="700" ind1="1" ind2=" ">
    <subfield code="a">Chavetta, Juan, </subfield>
    <subfield code="e">ilustrador </subfield>
    <subfield code="9">692</subfield>
  </datafield>
  <datafield tag="942" ind1=" " ind2=" ">
    <subfield code="2">ddc</subfield>
    <subfield code="c">BK</subfield>
  </datafield>
  <datafield tag="999" ind1=" " ind2=" ">
    <subfield code="c">6544</subfield>
    <subfield code="d">6544</subfield>
  </datafield>
  <datafield tag="952" ind1=" " ind2=" ">
    <subfield code="0">0</subfield>
    <subfield code="1">0</subfield>
    <subfield code="2">ddc</subfield>
    <subfield code="4">0</subfield>
    <subfield code="7">0</subfield>
    <subfield code="a">CPL</subfield>
    <subfield code="b">CPL</subfield>
    <subfield code="c">PROC</subfield>
    <subfield code="d">2019-12-19</subfield>
    <subfield code="e">Donaci&#xF3;n</subfield>
    <subfield code="g">0.00</subfield>
    <subfield code="l">1</subfield>
    <subfield code="m">2</subfield>
    <subfield code="o">J-N BAYm</subfield>
    <subfield code="p">201809744</subfield>
    <subfield code="r">2021-03-02 00:00:00</subfield>
    <subfield code="s">2021-02-03</subfield>
    <subfield code="t">Ej.1</subfield>
    <subfield code="w">2020-02-18</subfield>
    <subfield code="y">BK</subfield>
  </datafield>
</record>
